LEADER 01678cam2-22005771i-450- 001 990000195690403321 005 20060605153602.0 035 $a000019569 035 $aFED01000019569 035 $a(Aleph)000019569FED01 035 $a000019569 100 $a20020821d1963----km-y0itay50------ba 101 0 $aita 102 $aIT 105 $aa-------001yy 200 1 $aMeccanica, vibrazioni ed onde$fDaniele Sette 210 $aRoma$cLibreria eredi V. Veschi$d1963 215 $aXII, 572 p.$cill.$d24 cm 300 $aIn testa al front.: Università degli studi di Roma 461 0$1001000005692$12001$aLezioni di fisica$v1 610 0 $aMeccanica 610 0 $aVibrazioni ed onde 676 $a530 676 $a536.7 676 $a537 676 $a530 700 1$aSette,$bDaniele$0203 801 0$aIT$bUNINA$gRICA$2UNIMARC 901 $aBK 912 $a990000195690403321 952 $a13 B 36 19$b28876$fFINBC 952 $a13 B 36 18$b27934$fFINBC 952 $a13 B 25 36$b28878$fFINBC 952 $a02 2 F 11$b732$fFINBN 952 $a02 2 F 12$b733$fFINBN 952 $a02 2 F 13$b734$fFINBN 952 $a02 2 F 14$b735$fFINBN 952 $a02 2 F 15$b736$fFINBN 952 $a02 2 F 16$b737$fFINBN 952 $a02 2 F 17$b738$fFINBN 952 $a02 2 F 18$b739$fFINBN 952 $a02 2 F 19$b740$fFINBN 952 $a02 2 F 20$b741$fFINBN 952 $a02 6 E 8$b1095$fFINBN 952 $a02 6 E 9$b1096$fFINBN 952 $a02 6 E 10$b1097$fFINBN 952 $a02 6 E 11$b1098$fFINBN 952 $a02 6 E 12$b1099$fFINBN 959 $aFINBC 996 $aMeccanica, vibrazioni ed onde$9122086 997 $aUNINA LEADER 00847cam0-2200313---450- 001 990004899150403321 005 20090715145404.0 035 $a000489915 035 $aFED01000489915 035 $a(Aleph)000489915FED01 035 $a000489915 100 $a19990604d1970----km-y0itay50------ba 101 0 $aeng 102 $aNL 105 $ay-------001yy 200 1 $aLanguage and rules$fby Jon Wheatley 210 $aThe Hague ; Paris$cMouton$d1970 215 $a113 p.$d22 cm 225 1 $aJanua linguarum$iSeries minor$v80 610 0 $aLinguistica strutturale 676 $a410.18 700 1$aWheatley,$bJon$0196220 801 0$aIT$bUNINA$gRICA$2UNIMARC 901 $aBK 912 $a990004899150403321 952 $a410.18 WHE 1$bFil. Mod. 179609$fFLFBC 959 $aFLFBC 996 $aLanguage and rules$9524401 997 $aUNINA